Bombay Law Reporter (Record no. 346343)

MARC details
000 -LEADER
fixed length control field 00331nam a2200133Ia 4500
008 - FIXED-LENGTH DATA ELEMENTS--GENERAL INFORMATION
fixed length control field 230511s1978 xx 000 0 und d
041 ## - LANGUAGE CODE
Language code of text/sound track or separate title eng
082 ## - DEWEY DECIMAL CLASSIFICATION NUMBER
Classification number 348.041
100 ## - MAIN ENTRY--PERSONAL NAME
Personal name Ratanlal Ranchodas
245 ## - TITLE STATEMENT
Title Bombay Law Reporter
260 ## - PUBLICATION, DISTRIBUTION, ETC.
Place of publication, distribution, etc. Mumbai
Name of publisher, distributor, etc. Bombay Law Reporter
Date of publication, distribution, etc. 1978
300 ## - PHYSICAL DESCRIPTION
Extent 881
906 ## - LOCAL DATA ELEMENT F, LDF (RLIN)
a High Court Cases
Holdings
Withdrawn status Lost status Damaged status Not for loan Home library Current library Shelving location Date acquired Source of acquisition Cost, normal purchase price Total Checkouts Full call number Barcode Date last seen Price effective from Koha item type
        New Law College, Kolhapur New Law College, Kolhapur   11/05/2023 Hind Law House 95.00   348.041 NLK-2361 11/05/2023 11/05/2023 Reports